Buku panduan asas takaful.

Bibliographic Details
Format: Book
Published: Kuala Lumpur: Islamic Banking and Finance Institute Malaysia (IBFIM), 2011.
Subjects:
LEADER 00547cam a2200169 7i4500
001 0000027641
005 20120306090000.0
020 0 0 |a 9789834377717  
090 0 0 |a M 368. 0088297   |b BUK 
245 0 0 |a Buku panduan asas takaful. 
260 0 0 |a Kuala Lumpur:   |b Islamic Banking and Finance Institute Malaysia (IBFIM),   |c 2011. 
300 # # |a 188 p. 
650 0 0 |a Insurance --   |z Malaysia  
650 0 0 |a Insurance --   |x Religious aspects --   |x Islam  
650 0 0 |a Takaful --   |z Malaysia  
651 0 0 |a Malaysia  
999 |a 0000030068  |b Book  |c Malaysia  |e Business Information Centre